All Taylor Swift Songs: Acronyms - Statistics

General Stats
  • This quiz has been taken 425 times
  • The average score is 165 of 238
Answer Stats
Album Track #
Hint
Answer % Correct
Taylor Swift 1 TM Tim McGraw
93%
Fearless (Taylor's Version) 1 F Fearless
92%
Lover 16 M ME! (feat. Brendon Urie of Panic! At the Disco)
91%
Taylor Swift 2 PTB Picture to Burn
89%
Fearless (Taylor's Version) 6 YBWM You Belong With Me
88%
Fearless (Taylor's Version) 3 LS Love Story
87%
Fearless (Taylor's Version) 27 LS Love Story (Elvira Remix)
87%
1989 (Taylor's Version) 4 OOTW Out of the Woods
87%
Red (Taylor's Version) 2 R Red
87%
Speak Now (Taylor's Version) 4 SN Speak Now
87%
1989 (Taylor's Version) 1 WTNY Welcome To New York
86%
Red (Taylor's Version) 5 ATW All Too Well
85%
Red (Taylor's Version) 30 ATW All Too Well (10 Minute Version)
85%
Lover 3 L Lover
85%
Red (Taylor's Version) 4 IKYWT I Knew You Were Trouble
84%
Taylor Swift 3 TOMG Teardrops On My Guitar
84%
Red (Taylor's Version) 6 # 22
83%
reputation 6 LWYMMD Look What You Made Me Do
83%
1989 (Taylor's Version) 2 BS Blank Space
82%
Speak Now (Taylor's Version) 15 O Ours
82%
The Tortured Poets Department 2 TTPD The Tortured Poets Department
82%
Red (Taylor's Version) 8 WANEGBT We Are Never Ever Getting Back Together
82%
1989 (Taylor's Version) 8 BB Bad Blood
81%
1989 (Taylor's Version) 22 BB Bad Blood (feat. Kendrick Lamar)
81%
folklore 14 B betty
81%
Speak Now (Taylor's Version) 9 E Enchanted
81%
Midnights 1 LH Lavender Haze
81%
Speak Now (Taylor's Version) 1 M Mine
81%
reputation 15 NYD New Year's Day
81%
Taylor Swift 11 OS Our Song
81%
reputation 1 RFI ...Ready For It?
81%
1989 (Taylor's Version) 3 S Style
81%
folklore 1 T# the 1
81%
Lover 4 TM The Man
81%
Midnights 5 YOYOK You're on Your Own, Kid
81%
Midnights 3 AH Anti-Hero
80%
The Tortured Poets Department 1 F Fortnight (feat. Post Malone)
80%
1989 (Taylor's Version) 12 IKP I Know Places
80%
Fearless (Taylor's Version) 5 WH White Horse
80%
folklore 2 C cardigan
79%
reputation 4 DBM Don't Blame Me
79%
reputation 2 EG End Game (feat. Ed Sheeran & Future)
79%
reputation 9 GC Getaway Car
79%
1989 (Taylor's Version) 10 HYGTG How You Get the Girl
79%
Taylor Swift (Deluxe) 13 I Invisible
79%
Lover 7 MA&THP Miss Americana & The Heartbreak Prince
79%
Midnights 8 VS Vigilante Sh*t
79%
1989 (Taylor's Version) 5 AYHTDWS All You Had To Do Was Stay
78%
Speak Now (Taylor's Version) 10 BTR Better Than Revenge
78%
reputation 14 CIWYW Call It What You Want
78%
Lover 2 CS Cruel Summer
78%
Fearless (Taylor's Version) 2 F Fifteen
78%
reputation 3 IDSB I Did Something Bad
78%
Midnights 11 K Karma
78%
Midnights (Til Dawn/The Late Night Tracks) 23 K Karma (feat. Ice Spice)
78%
Fearless (Taylor's Version) 10 TWILY The Way I Loved You
78%
1989 (Taylor's Version) 9 WD Wildest Dreams
78%
evermore 1 W willow
78%
folklore 8 A august
77%
reputation 8 G Gorgeous
77%
1989 (Taylor's Version) 7 IWYW I Wish You Would
77%
reputation 10 KOMH King of My Heart
77%
Speak Now (Taylor's Version) 6 M Mean
77%
The Tortured Poets Department 3 MBOBHFT My Boy Only Breaks His Favorite Toys
77%
Midnights 7 Q Question... ?
77%
Lover 5 TA The Archer
77%
folklore 3 TLGAD the last great american dynasty
77%
reputation 13 TIWWCHNT This Is Why We Can't Have Nice Things
77%
reputation 5 D Delicate
76%
The Tortured Poets Department 4 DB Down Bad
76%
Fearless (Taylor's Version) 11 F&A Forever & Always
76%
Fearless (Taylor's Version) 16 F&A Forever & Always (Piano Version)
76%
Speak Now (Taylor's Version) 14 LL Long Live
76%
Speak Now (Taylor's Version) 3 BTD Back to December
75%
reputation 11 DWOHT Dancing With Our Hands Tied
75%
Speak Now (Taylor's Version) 5 DJ Dear John
75%
reputation 12 D Dress
75%
Speak Now (Taylor's Version) 19 ICSY I Can See You
75%
Lover 6 ITHK I Think He Knows
75%
1989 (Taylor's Version) 17 S "Sl*t!"
75%
Midnights 4 SOTB Snow on the Beach (feat. Lana Del Rey)
75%
Midnights (Til Dawn/The Late Night Tracks) 22 SOTB Snow On The Beach (feat. More Lana Del Rey)
75%
Speak Now (Taylor's Version) 7 TSOU The Story of Us
75%
Lover 14 YNTCD You Need To Calm Down
75%
The Tortured Poets Department 6 BDILH But Daddy I Love Him
74%
1989 (Taylor's Version) 13 C Clean
74%
Speak Now (Taylor's Version) 12 H Haunted
74%
The Tortured Poets Department 13 ICDIWABH I Can Do It With a Broken Heart
74%
Fearless (Taylor's Version) 22 MPF Mr. Perfectly Fine
74%
1989 (Taylor's Version) 16 NR New Romantics
74%
evermore 6 NBNC no body, no crime (feat. HAIM)
74%
Red (Taylor's Version) 9 SSS Stay Stay Stay
74%
Lover 10 DBATC Death By A Thousand Cuts
73%
Red (Taylor's Version) 26 IBYTAM I Bet You Think About Me (feat. Chris Stapleton)
73%
Midnights 2 M Maroon
73%
Midnights 6 MR Midnight Rain
73%
Speak Now (Taylor's Version) 2 SF Sparks Fly
73%
Red (Taylor's Version) 1 SOG State of Grace
73%
Red (Taylor's Version) 20 SOG State Of Grace (Acoustic Version)
73%
1989 (Taylor's Version) 14 W Wonderland
73%
1989 (Taylor's Version) 15 YAIL You Are In Love
73%
evermore 2 CP champagne problems
72%
folklore 4 E exile (feat. Bon Iver)
72%
Lover 8 PR Paper Rings
72%
Speak Now (Taylor's Version) 20 CC Castles Crumbling (feat. Hayley Williams)
71%
Taylor Swift 10 MS Mary's Song (Oh My My My)
71%
1989 (Taylor's Version) 19 NTWDT Now That We Don't Talk
71%
reputation 7 SIG So It Goes...
71%
Speak Now (Taylor's Version) 16 S Superman
71%
Midnights (3am Edition) 14 TGW The Great War
71%
Speak Now (Taylor's Version) 18 WEFIL When Emma Falls in Love
71%
Lover 18 D Daylight
70%
Taylor Swift (Deluxe) 12 IOMWIWY I'm Only Me When I'm With You
70%
folklore 6 M mirrorball
70%
evermore 16 RWYLF right where you left me
70%
1989 (Taylor's Version) 18 SDG Say Don't Go
70%
1989 (Taylor's Version) 6 SIO Shake It Off
70%
The Tortured Poets Department 14 TSMWEL The Smallest Man Who Ever Lived
70%
1989 (Taylor's Version) 11 TL This Love
70%
Taylor Swift 4 APITW A Place In This World
69%
Lover 13 FG False God
69%
Lover 1 IFTYE I Forgot That You Existed
69%
Speak Now (Taylor's Version) 8 NGU Never Grow Up
69%
folklore 17 TL the lakes
69%
The Tortured Poets Department 10 WAOLOM Who's Afraid of Little Old Me?
69%
Lover 15 A Afterglow
68%
The Tortured Poets Department: The Anthology 20 COSOSOM Chloe or Sam or Sophia or Marcus
68%
folklore 13 E epiphany
68%
folklore 16 H hoax
68%
Lover 11 LB London Boy
68%
The Tortured Poets Department: The Anthology 28 P Peter
68%
folklore 7 S seven
68%
folklore 9 TIMT this is me trying
68%
Speak Now (Taylor's Version) 22 T Timeless
68%
Fearless (Taylor's Version) 26 BBB Bye Bye Baby
67%
Lover 9 CS Cornelia Street
67%
Fearless (Taylor's Version) 4 HS Hey Stephen
67%
The Tortured Poets Department 11 ICFHNRIC I Can Fix Him (No Really I Can)
67%
folklore 11 IS invisible string
67%
1989 (Taylor's Version) 21 IION Is It Over Now?
67%
Fearless (Taylor's Version) 14 JTF Jump Then Fall
67%
Midnights 13 M Mastermind
67%
folklore 5 MTR my tears ricochet
67%
Midnights (3am Edition) 16 P Paris
67%
The Tortured Poets Department 5 SLL So Long, London
67%
Lover 12 SYGB Soon You'll Get Better (feat. Dixie Chicks)
67%
Fearless (Taylor's Version) 12 TBD The Best Day
67%
Midnights (3am Edition) 19 WCS Would've, Could've, Should've
67%
Lover 17 INTHAF It's Nice To Have A Friend
66%
evermore 13 M marjorie
66%
The Tortured Poets Department: The Anthology 22 SHS So High School
66%
Midnights 9 B Bejeweled
65%
evermore 15 E evermore (feat. Bon Iver)
65%
The Tortured Poets Department 8 F Florida!!! (feat. Florence + The Machine)
65%
folklore 12 MW mad woman
65%
Red (Taylor's Version) 21 R Ronan
65%
The Tortured Poets Department 15 TA The Alchemy
65%
The Tortured Poets Department: The Anthology 17 TBD The Black Dog
65%
Red (Taylor's Version) 10 TLT The Last Time (feat. Gary Lightbody)
65%
Taylor Swift 5 CAY Cold As You
64%
folklore 10 IA illicit affairs
64%
Speak Now (Taylor's Version) 11 I Innocent
64%
1989 (Taylor's Version) 20 SL Suburban Legends
64%
Red (Taylor's Version) 29 TVFN The Very First Night
64%
Midnights (Til Dawn/The Late Night Tracks) 24 YLM You're Losing Me (From The Vault)
64%
Taylor Swift (Deluxe) 14 APGH A Perfectly Good Heart
63%
Speak Now (Taylor's Version) 13 LK Last Kiss
63%
folklore 15 P peace
63%
Red (Taylor's Version) 3 T Treacherous
63%
Fearless (Taylor's Version) 9 YNS You're Not Sorry
63%
Midnights (3am Edition) 20 DR Dear Reader
62%
Taylor Swift 7 TTWAS Tied Together With a Smile
62%
Fearless (Taylor's Version) 15 U Untouchable
62%
Red (Taylor's Version) 16 BA Begin Again
61%
Midnights (3am Edition) 15 BTTWS Bigger Than The Whole Sky
61%
The Tortured Poets Department 16 CB Clara Bow
61%
Red (Taylor's Version) 18 CBBH Come Back... Be Here
61%
Fearless (Taylor's Version) 25 DY Don't You
61%
Red (Taylor's Version) 14 EHC Everything Has Changed (feat. Ed Sheeran)
61%
The Tortured Poets Department 7 FOTS Fresh Out the Slammer
61%
evermore 3 GR gold rush
61%
The Tortured Poets Department 9 GAS Guilty as Sin?
61%
Midnights (3am Edition) 17 HI High Infidelity
61%
Midnights 10 L Labyrinth
61%
Taylor Swift 9 SSN Should've Said No
61%
The Tortured Poets Department: The Anthology 31 TM The Manuscript
61%
Red (Taylor's Version) 17 TMIK The Moment I Knew
61%
Taylor Swift 6 TO The Outside
61%
Red (Taylor's Version) 24 B Babe
60%
evermore 8 D dorothea
60%
Speak Now (Taylor's Version) 17 ET Electric Touch (feat. Fall Out Boy)
60%
Speak Now (Taylor's Version) 21 FO Foolish One
60%
Red (Taylor's Version) 27 FW Forever Winter
60%
Midnights (3am Edition) 18 G Glitch
60%
evermore 7 H happiness
60%
The Tortured Poets Department: The Anthology 30 R Robin
60%
evermore 4 TTDS 'tis the damn season
60%
evermore 5 TI tolerate it
60%
The Tortured Poets Department: The Anthology 27 C Cassandra
59%
Red (Taylor's Version) 11 HG Holy Ground
59%
The Tortured Poets Department: The Anthology 25 ILIPW I Look in People's Windows
59%
The Tortured Poets Department 12 L loml
59%
Red (Taylor's Version) 25 MIAB Message In A Bottle
59%
Fearless (Taylor's Version) 19 TOSOTD The Other Side of the Door
59%
Fearless (Taylor's Version) 7 B Breathe (feat. Colbie Caillat)
58%
Red (Taylor's Version) 19 GAH Girl At Home
58%
The Tortured Poets Department: The Anthology 23 IHIH I Hate It Here
58%
evermore 17 ITTG it's time to go
58%
Red (Taylor's Version) 28 R Run (feat. Ed Sheeran)
58%
The Tortured Poets Department: The Anthology 29 TB The Bolter
58%
Midnights (Til Dawn/The Late Night Tracks) 21 HD Hits Different
57%
The Tortured Poets Department: The Anthology 21 HDIE How Did It End?
57%
Red (Taylor's Version) 7 IAD I Almost Do
57%
Fearless (Taylor's Version) 21 YAOM You All Over Me (feat. Maren Morris)
57%
Red (Taylor's Version) 22 BM Better Man
56%
evermore 11 CLM cowboy like me
56%
evermore 10 I ivy
56%
Midnights 12 SN Sweet Nothing
56%
The Tortured Poets Department: The Anthology 19 TA The Albatross
55%
Red (Taylor's Version) 23 NN Nothing New (feat. Phoebe Bridgers)
54%
The Tortured Poets Department: The Anthology 24 TYA Thank You Aimee
54%
The Tortured Poets Department: The Anthology 26 TP The Prophecy
54%
evermore 9 CI coney island (feat. The National)
53%
Red (Taylor's Version) 12 SBT Sad Beautiful Tragic
53%
evermore 12 LSS long story short
52%
Fearless (Taylor's Version) 18 S Superstar
52%
Fearless (Taylor's Version) 20 TWAF Today Was A Fairytale
52%
Fearless (Taylor's Version) 13 C Change
51%
evermore 14 C closure
51%
Fearless (Taylor's Version) 17 CIWTR Come In With the Rain
51%
The Tortured Poets Department: The Anthology 18 I Imgonnagetyouback
50%
Red (Taylor's Version) 13 TLO The Lucky One
50%
Red (Taylor's Version) 15 S Starlight
48%
Taylor Swift 8 SB Stay Beautiful
47%
1989 (Taylor's Version) 22 STF Sweeter Than Fiction
45%
Fearless (Taylor's Version) 23 WWH We Were Happy
43%
Fearless (Taylor's Version) 24 TW That's When (feat. Keith Urban)
42%
Fearless (Taylor's Version) 8 TMW Tell Me Why
40%
No matching quizzes found
Score Distribution
Percent of People with Each Score
Percentile by Number Answered
Your Score History
You have not taken this quiz